Score 0/23 Timer 10:00
0 Plays Today
Letter Beast % Correct
BBasilisk
75.3%
NNiffler
74.2%
DDeniguise
70.8%
AAcromantula
65.2%
HHippocampus
64%
GGhoul
61.8%
OOccamy
60.7%
CCentaur
59.6%
UUnicorn
58.4%
EErkling
56.2%
FFairy
56.2%
MMackled Malaclaw
51.7%
Letter Beast % Correct
PPhoenix
51.7%
WWerewolf
51.7%
JJarvey
50.6%
KKappa
49.4%
YYeti
42.7%
RRamora
41.6%
SSalamander
41.6%
TTebo
40.4%
IImp
39.3%
LLeprechaun
36%
QQuintaped
31.5%
Remove Ads.
Support Sporcle.
Get the best of Sporcle when you Go Orange. This ad-free experience offers more features, more stats, and more fun while also helping to support Sporcle. Thank you for becoming a member.

You're not logged in!

Compare scores with friends on all Sporcle quizzes.
OR
Log In

Show Comments

Extras

Created Jul 27, 2012ReportNominate
Tags:Letter Quiz, beast, fantastic

Top Quizzes Today


Score Distribution

Your Account Isn't Verified!

In order to create a playlist on Sporcle, you need to verify the email address you used during registration. Go to your Sporcle Settings to finish the process.

Report this User

Report this user for behavior that violates our Community Guidelines.

Details: